Four Letter Animal Quiz - Statistics

General Stats
  • This quiz has been taken 66 times
  • The average score is 13 of 46
Answer Stats
Answer % Correct
Bear
81%
Duck
75%
Lion
75%
Goat
72%
Deer
63%
Frog
61%
Wolf
58%
Seal
46%
Toad
42%
Boar
39%
Bull
37%
Hare
37%
Crow
35%
Crab
33%
Dove
33%
Lamb
32%
Lynx
32%
Swan
32%
Wren
32%
Wasp
30%
Puma
28%
Mule
26%
Vole
26%
Newt
25%
Pony
21%
Flea
19%
Mink
19%
Moth
19%
Tuna
19%
Worm
19%
Carp
18%
Kiwi
16%
Slug
16%
Tick
16%
Coot
14%
Lark
14%
Ibex
12%
Mite
11%
Ibis
9%
Barb
7%
Dodo
7%
Dory
7%
Pika
7%
Pike
7%
Tang
7%
Cusk
5%
No matching quizzes found
Score Distribution
Percent of People with Each Score
Percentile by Number Answered
Your Score History
You have not taken this quiz